| 000 | 00508nam a2200181Ia 4500 | ||
|---|---|---|---|
| 999 |
_c30119 _d30119 |
||
| 003 | OSt | ||
| 005 | 20231027151652.0 | ||
| 008 | 190216s9999||||xx |||||||||||||| ||und|| | ||
| 020 | _a9788126449866 | ||
| 040 | _coclc | ||
| 082 |
_a954 _bKER/Y |
||
| 100 | 1 |
_aKersten, Holger, _d1951- _98095 |
|
| 245 | 0 |
_aYeshu Indiayil Jeevichirunnu / _cHolger Kersten |
|
| 260 |
_bD C Books, _c2016. _aKottayam: |
||
| 300 | _a367p | ||
| 650 | _aMalayalam | ||
| 942 |
_cBK _2ddc _h954 _iKER/Y _k954 _mKER/Y |
||